Clues, myths and the historical method
Αποθηκεύτηκε σε:
| Κύριος συγγραφέας: | |
|---|---|
| Άλλοι συγγραφείς: | , |
| Μορφή: | Βιβλίο |
| Γλώσσα: | English |
| Δημοσίευση: |
Baltimore :
Johns Hopkins University Press,
1992
|
| Θέματα: | |
| Ετικέτες: |
Προσθήκη ετικέτας
Δεν υπάρχουν, Καταχωρήστε ετικέτα πρώτοι!
|
MARC
| LEADER | 00000nam a2200000 i 4500 | ||
|---|---|---|---|
| 001 | 1/96730 | ||
| 008 | 941128s1992 eng d | ||
| 020 | |a 0-8018-4388-X | ||
| 035 | |l 10010292 | ||
| 040 | |a GR-MY-UA |b gre |e aacr | ||
| 041 | 0 | |a eng | |
| 082 | 0 | |a 907.2 | |
| 100 | 1 | |a Ginzburg, Carlo. | |
| 245 | 1 | 0 | |a Clues, myths and the historical method / |c Carlo Ginzburg ; Translated by John and Anne C. Tedeschi |
| 260 | |a Baltimore : |b Johns Hopkins University Press, |c 1992 | ||
| 300 | |a 231 p. | ||
| 500 | |a Contents: Witchcraft and popular piety-From Aby Warburg to E.H. Gombrich-The high and the low-Titian, Ovid, and sixteenth-century codes for erotic illustration-Clues-Germanic mythology and Nazism-Freid, the wolf-man, and the werewolves-The inquisitor as anthropologist. ISBN 0-8018-3458-9 ISBN 0-8018-4388-X (pbk.) | ||
| 504 | |a Includes index. | ||
| 650 | 0 | 0 | |a History |x Methodology. |
| 650 | 0 | 0 | |a Historiography. |
| 700 | 1 | |a Tedeschi, John A. |d 1931- |4 trl | |
| 700 | 1 | |a Tedeschi, Anne. |4 trl | |
| 852 | |a INST |b LESVOS |e 19941128 |h 907.2 GIN |p 005100003306 |q 005100003306 |t BK |y 0 | ||
| 909 | |a Λ |b 036336 | ||